000 00648nam a2200229Ia 4500
003 OSt
005 20220923224217.0
006 a|||||r|||| 00| 0
007 ta
008 220922b |||||||| |||| 00| 0 hin d
024 _a229,000
037 _cTextual
040 _aARTS
_cARTS
_bhin
041 _2hin
_ahin
082 _aQ23:225, 15P4.1-.2
100 _aशुक्ल, श्रद्वा
_9156279
245 0 _aमत्स्यपुराणम्
246 _aMatsyapurāṇam
260 _c2004
942 _hQ23:225, 15P4.1-.2
_cTEXL
_2CC
999 _c370016
_d370016